1215 1926 1437 1582 1314 1711 1834 1222 1233 1117 1745 1906 1257 1328 1743 1662 1371 1303 1155 1195 1886 1413 1286 1776 1160 1018 1181 1974 1118 1016 1366 1820 1265 1545 1009 1891 1647 1615 1939 1452 1283 1003 1395 1904 1279 1375 1599 1382 1318 1285 1668 1222 1480 1247 1227 1517 1170 1976 1498 1078 1801 1422 1648 1264 1731 1293 1727 1713 1353 1626 1659 1091 1664 1394 1947 1939 1926 1146 1164 1539 1961 1294 1348 1895 1968 1281 1663 1456 1439 1489 1322 1132 1788 1821 1691 1849 1193 1339 1150 BCNSPRNW ULIB Ver.6.0+V

เปลี่ยนเป็นภาษาไทย

Change to English
 แสดงรายละเอียดบรรณานุกรม
  กลับหน้าหลัก

Brief Record : Get Marc (ISO 2709) : E-mail record : QR code < ปิดหน้าต่าง
LEADER : 00000nam 2200000uu 4500
001    13399108094
003     ULIB
008    110216s2543||||th 000 0 tha d
020    9746781812
060 04 QU4^bพ171ต 2543
245 00 ตำราชีวเคมี /^cบรรณาธิการ พจน์ ศรีบุญลือ...[และคนอื่นๆ]
250    พิมพ์ครั้งที่ 3
260    ขอนแก่น :^bภาควิชาชีวเคมี คณะแพทยศาสตร์ มหาวิทยาลัยขอนแก่น,^c2543
300    576 หน้า :^bภาพประกอบ
650  7 ชีวเคมี
650  7 ชีวโมเลกุล
700 0  เปรมใจ อารีจิตรานุสรณ์,^cบรรณาธิการ
710 2  มหาวิทยาลัยขอนแก่น. ^bคณะแพทยศาสตร์. ^bภาควิชาชีวเคมี
945    ^p280^l0^i012634
945    ^p280^l0^i012632
945    ^p280^l0^i012630
945    ^p280^l0^i012631
945    ^p280^l0^i012629
945    ^p280^l0^i012633
995    ทศพร
999 ^a ใช้งานได้ทุกระบบ
รายการนี้ยังไม่มีแท็ก
คุณยังไม่ได้ล็อกอิน คุณสามารถมีกิจกรรมร่วมกับเว็บไซต์ได้ แต่ต้องล็อกอินก่อน ::
  ล็อกอิน

รายการสื่อสารสนเทศ

ลำดับที่ ประเภท เลขเรียก/บาร์โค้ด สถานที่ สถานะ
- ไม่พบข้อมูล -

รายการใกล้เคียง
    หัวเรื่อง [ชีวเคมี]
    หัวเรื่อง [ชีวโมเลกุล]

BibComment


ยังไม่เคยถูกคอมเมนท์

คอมเมนท์ทรัพยากรรายการนี้
  คอมเมนท์: ตำราชีวเคมี บรรณ..


 Copyright 2026. Bcnsprnw @Library